000 00543nam a2200193Ia 4500
005 20250326142555.0
008 250326s9999 xx 000 0 und d
020 _a81-7024-507-9
037 _aTextbook
040 _aFMSL
_beng
_cFMSL
041 _aeng
_2eng
084 _aX8(J3):8 N2
_qFMSL
100 _aMohanty Pragati
_9746244
245 0 _aHotel industry and tourism in India
_cMohanty Pragati
260 _aNew
_bNew, Dlehi Ashish
_c1992
300 _axiv,262
942 _cTB
_hX8(J3):8 N2
999 _c1295651
_d1295651